[Event "24th Panam-ch"]
[Site "Natal BRA"]
[Date "2014.10.25"]
[Round "10"]
[White "Presa, Luis Alberto Passos"]
[Black "Sousa, Virginio Aleixo da Silva"]
[Result "1-0"]
[WhiteElo "1701"]
[BlackElo "1499"]
[EventDate "2014.10.18"]
[PlyCount "65"]

1.d4 d6 2.c4 Nf6 3.Nc3 g6 4.e4 Bg7 5.f3 O-O 6.Be3 Na6 7.Bd3 c6 8.Nge2 Nc7 
9.Qd2 a6 10.b4 b5 11.O-O a5 12.bxa5 Rxa5 13.Rfb1 bxc4 14.Bxc4 Ba6 15.Bxa6 
Rxa6 16.a4 Qa8 17.Rb3 Nd7 18.Rab1 Rd8 19.Rb7 Ra7 20.Qb2 Rxb7 21.Qxb7 Ne6 
22.Qxa8 Rxa8 23.Rb7 Rd8 24.d5 cxd5 25.Nxd5 Kf8 26.a5 Nec5 27.Bxc5 dxc5 28.
a6 e6 29.Ndc3 Bxc3 30.Nxc3 Ke8 31.a7 Ra8 32.Na4 Rc8 33.Rxd7 1-0

[Event "24th Panam-ch"]
[Site "Natal BRA"]
[Date "2014.10.26"]
[Round "11"]
[White "Leitao, Rafael"]
[Black "Shabalov, Alexander"]
[Result "1/2-1/2"]
[WhiteElo "2636"]
[BlackElo "2499"]
[EventDate "2014.10.18"]
[PlyCount "74"]

1.d4 d5 2.c4 c6 3.Nf3 e6 4.Qc2 dxc4 5.Qxc4 Nf6 6.g3 b5 7.Qd3 Bb7 8.Bg2 
Nbd7 9.O-O a6 10.Nfd2 Qb6 11.a4 Rd8 12.Nc3 Be7 13.Nb3 O-O 14.axb5 cxb5 15.
e4 Ne5 16.Qe2 Nc4 17.Rd1 Nd7 18.Bf4 Rfe8 19.e5 Bxg2 20.Kxg2 Qb7+ 21.Kg1 
Ndb6 22.Nc5 Bxc5 23.dxc5 Nd5 24.Nxd5 exd5 25.b3 Nxe5 26.Bxe5 f6 27.Qa2 
fxe5 28.Qxa6 Qxa6 29.Rxa6 d4 30.Rb6 Rb8 31.Rxb8 Rxb8 32.f4 Kf7 33.fxe5 Rd8
34.c6 Ke6 35.c7 Rc8 36.Rxd4 Rxc7 37.Rd6+ Kxe5 1/2-1/2

[Event "24th Panam-ch"]
[Site "Natal BRA"]
[Date "2014.10.26"]
[Round "11"]
[White "Pichot, Alan"]
[Black "Bruzon Batista, Lazaro"]
[Result "1-0"]
[WhiteElo "2473"]
[BlackElo "2679"]
[EventDate "2014.10.18"]
[PlyCount "85"]

1.e4 c5 2.Nf3 d6 3.d4 Nf6 4.Nc3 cxd4 5.Nxd4 a6 6.h3 e6 7.g4 h6 8.Bg2 Qc7 
9.Be3 Nc6 10.Qe2 Ne5 11.f4 Nc4 12.O-O-O Bd7 13.Kb1 Rc8 14.Bc1 b5 15.b3 Nb6
16.e5 dxe5 17.fxe5 Nxg4 18.hxg4 Qxc3 19.Bb2 Qc7 20.g5 g6 21.gxh6 Rxh6 22.
Rxh6 Bxh6 23.Qf2 b4 24.Rf1 Bb5 25.Rh1 Bf8 26.Rh8 Qxe5 27.Qh4 Qc5 28.Be4 
Nd7 29.Rh7 Qe7 30.Qe1 Nf6 31.Rh8 Nxe4 32.Qxe4 Qd6 33.Bc1 Qd5 34.Qh4 e5 35.
Nxb5 Qc5 36.Rxf8+ Kxf8 37.Qh8+ Ke7 38.Bg5+ Kd7 39.Qh3+ f5 40.Qh7+ Ke6 41.
Qxg6+ Kd5 42.Qxf5 axb5 43.Qd7+ 1-0

[Event "24th Panam-ch"]
[Site "Natal BRA"]
[Date "2014.10.26"]
[Round "11"]
[White "El Debs, Felipe De Cresce"]
[Black "Henriquez Villagra, Cristobal"]
[Result "1-0"]
[WhiteElo "2514"]
[BlackElo "2470"]
[EventDate "2014.10.18"]
[PlyCount "147"]

1.d4 Nf6 2.c4 e6 3.Nc3 Bb4 4.e3 O-O 5.Ne2 Re8 6.a3 Bf8 7.Ng3 d5 8.Be2 a6 
9.O-O c5 10.dxc5 Bxc5 11.b4 Ba7 12.Qc2 dxc4 13.Bxc4 Qc7 14.Bd3 Nbd7 15.Bb2
Ne5 16.Nce4 Qxc2 17.Nxf6+ gxf6 18.Bxc2 Nd7 19.Ne4 f5 20.Nd6 Rf8 21.Rfd1 
Nb6 22.Bb3 Bb8 23.e4 fxe4 24.Nxe4 e5 25.Nd6 Be6 26.Bxe6 fxe6 27.Nxb7 Nc4 
28.Bc3 Ba7 29.Ra2 Rab8 30.Nc5 Bxc5 31.bxc5 a5 32.Rc2 Rfc8 33.g3 Rb5 34.c6 
Rxc6 35.Be1 Rb8 36.Rdc1 Rbc8 37.a4 Kf7 38.Rb1 Kg6 39.Rb5 Rd8 40.Re2 Rd5 
41.Kg2 Rxb5 42.axb5 Rc5 43.Re4 h5 44.f3 Kf6 45.Bf2 Rc8 46.b6 Nd6 47.Ra4 
Nb7 48.g4 Rc2 49.h4 Nc5 50.Rxa5 Nd3 51.Rb5 Rxf2+ 52.Kg3 Rd2 53.b7 Nf4 54.
g5+ Kf7 55.Rxe5 Rb2 56.Kxf4 Rxb7 57.Kg3 Rb6 58.Re4 Kg7 59.Rf4 e5 60.Re4 
Rb5 61.Rc4 Rb3 62.Rc7+ Kf8 63.Rc4 Ra3 64.Kf2 Ra2+ 65.Ke3 Rh2 66.Rb4 Ke7 
67.Ra4 Kf7 68.Ra7+ Kg6 69.Ra6+ Kg7 70.Ke4 Rh3 71.Rh6 Rxh4+ 72.Kxe5 Rh2 73.
Kf5 h4 74.Kg4 1-0

[Event "24th Panam-ch"]
[Site "Natal BRA"]
[Date "2014.10.26"]
[Round "11"]
[White "Felgaer, Ruben"]
[Black "Terry Lujan, Renato Alfredo"]
[Result "1/2-1/2"]
[WhiteElo "2577"]
[BlackElo "2454"]
[EventDate "2014.10.18"]
[PlyCount "101"]

1.e4 e6 2.d4 d5 3.Nd2 Be7 4.Ngf3 Nf6 5.e5 Nfd7 6.Bd3 c5 7.c3 Nc6 8.O-O g5 
9.dxc5 Ndxe5 10.Nxe5 Nxe5 11.Nb3 Nxd3 12.Qxd3 e5 13.Qe2 Qc7 14.Re1 e4 15.
c4 Be6 16.Nd4 Bxc5 17.cxd5 Bxd5 18.Qb5+ Kf8 19.Bxg5 Qb6 20.Be3 Qxb5 21.
Nxb5 Bxe3 22.Rxe3 Bc6 23.Nd6 Rg8 24.g3 Rd8 25.Nxe4 Rg6 26.Rae1 Rd4 27.a3 
Re6 28.Nc3 Red6 29.f4 a6 30.Kf2 h6 31.Ne4 Re6 32.Nc5 Red6 33.Nb3 R4d5 34.
Re5 Rd3 35.R5e3 R3d5 36.Re5 Rd3 37.Nc5 Rd2+ 38.R5e2 Bb5 39.Ne4 Rxe2+ 40.
Rxe2 Rd4 41.Re1 f5 42.Nc5 Rd2+ 43.Ke3 Rxb2 44.Nxb7 Rxh2 45.Kd4 Rd2+ 46.Ke5
Rd7 47.Nc5 Re7+ 48.Ne6+ Kf7 49.Kd6 Rd7+ 50.Ke5 Re7 51.Kd6 1/2-1/2

[Event "24th Panam-ch"]
[Site "Natal BRA"]
[Date "2014.10.26"]
[Round "11"]
[White "Cruz Sanchez, Cristhian"]
[Black "Teixeira, Ricardo da Silva"]
[Result "1/2-1/2"]
[WhiteElo "2557"]
[BlackElo "2220"]
[EventDate "2014.10.18"]
[PlyCount "97"]

1.d4 e6 2.c4 f5 3.g3 Nf6 4.Bg2 Be7 5.Nc3 O-O 6.Nf3 d6 7.O-O a5 8.Re1 d5 9.
b3 Ne4 10.Bb2 Bb4 11.Qc2 a4 12.Rab1 c6 13.Red1 a3 14.Ba1 Nd7 15.Ne1 Qf6 
16.Nxe4 fxe4 17.f3 Bd6 18.Bc3 e5 19.fxe4 dxe4 20.e3 Qg5 21.Qd2 Nf6 22.Nc2 
Bg4 23.Rf1 Rad8 24.Rbe1 Bf3 25.Ba5 Rde8 26.d5 cxd5 27.cxd5 Qh5 28.Bb4 Bxb4
29.Nxb4 Ng4 30.h3 Bxg2 31.Kxg2 Rxf1 32.Rxf1 Nf6 33.d6 Qf7 34.Nc2 Qd5 35.
Rd1 Qxd2+ 36.Rxd2 Ra8 37.d7 Rd8 38.Nxa3 Rxd7 39.Rxd7 Nxd7 40.Nc4 b6 41.b4 
Kf7 42.a4 Ke6 43.a5 bxa5 44.bxa5 Kd5 45.Na3 Kc5 46.Nb1 Kb5 47.Nc3+ Kxa5 
48.Nxe4 Kb4 49.Kf3 1/2-1/2

[Event "24th Panam-ch"]
[Site "Natal BRA"]
[Date "2014.10.26"]
[Round "11"]
[White "Castro Rojas, Oscar Humberto"]
[Black "Hernandez Guerrero, Gilberto"]
[Result "0-1"]
[WhiteElo "2359"]
[BlackElo "2531"]
[EventDate "2014.10.18"]
[PlyCount "70"]

1.e4 c5 2.Nc3 Nc6 3.g3 g6 4.Bg2 Bg7 5.d3 d6 6.f4 e6 7.Nf3 Nge7 8.O-O O-O 
9.Be3 b6 10.Bf2 Qd7 11.h4 Bb7 12.h5 Nd4 13.hxg6 hxg6 14.Qd2 Nxf3+ 15.Bxf3 
Nc6 16.Bg2 f5 17.Rae1 Rae8 18.Nd1 d5 19.exd5 exd5 20.Ne3 d4 21.Nc4 b5 22.
Na3 Ne7 23.Qd1 a6 24.Nb1 Nd5 25.Rxe8 Rxe8 26.Re1 Ne3 27.Bxe3 dxe3 28.Bxb7 
Qxb7 29.c3 Qd5 30.Qb3 c4 31.dxc4 Qf3 32.cxb5+ Kh7 33.Qc2 Qxg3+ 34.Kf1 Qf3+
35.Kg1 e2 0-1

[Event "24th Panam-ch"]
[Site "Natal BRA"]
[Date "2014.10.26"]
[Round "11"]
[White "Paveto, Kevin"]
[Black "Matsuura, Everaldo"]
[Result "0-1"]
[WhiteElo "2426"]
[BlackElo "2486"]
[EventDate "2014.10.18"]
[PlyCount "118"]

1.e4 c5 2.Nf3 Nc6 3.d4 cxd4 4.Nxd4 g6 5.Nc3 Bg7 6.Be3 Nf6 7.Bc4 Qa5 8.Nb3 
Qb4 9.Nd2 Qxb2 10.Nb5 Qe5 11.f4 Qb8 12.O-O d6 13.h3 a6 14.Nc3 Qc7 15.Rb1 
b5 16.Bxb5 axb5 17.Nxb5 Qd7 18.Nc4 O-O 19.Nb6 Qb7 20.Nxa8 Qxa8 21.Qd3 Qxa2
22.Nc3 Qa5 23.Ra1 Qc7 24.Ra4 Nd7 25.Nd5 Qd8 26.Rb1 Nc5 27.Bxc5 dxc5 28.Ra8
e6 29.Nb6 Qxd3 30.cxd3 Bb7 31.Rxf8+ Bxf8 32.Nd7 Nb4 33.d4 Bc6 34.Nxc5 Nc2 
35.Rb6 Nxd4 36.Nb3 Nxb3 37.Rxc6 Nd4 38.Rc8 Ne2+ 39.Kf2 Nxf4 40.Kf3 Nd3 41.
Ke2 Ne5 42.Ra8 h5 43.Ke3 Kg7 44.Kf4 Nc4 45.Ra4 Bd6+ 46.Kf3 Ne5+ 47.Ke2 Kf6
48.Ra6 Bc5 49.Ra5 Bf8 50.Ra8 Bh6 51.Ra5 Bf4 52.Kf2 h4 53.Ke2 Kg5 54.Ra7 
Bh2 55.Ra8 Kf4 56.Ra4 Bg1 57.Rb4 g5 58.Ra4 Bc5 59.Ra5 Bd4 0-1

[Event "24th Panam-ch"]
[Site "Natal BRA"]
[Date "2014.10.26"]
[Round "11"]
[White "Gonzalez Acosta, Bernal Manuel"]
[Black "Santiago, Yago de Moura"]
[Result "1/2-1/2"]
[WhiteElo "2478"]
[BlackElo "2397"]
[EventDate "2014.10.18"]
[PlyCount "160"]

1.e4 c5 2.Nc3 a6 3.g3 b5 4.Bg2 Bb7 5.d3 e6 6.Nge2 Nf6 7.O-O b4 8.Na4 d6 9.
a3 bxa3 10.b3 Nbd7 11.Bxa3 Qc7 12.h3 Be7 13.f4 O-O 14.c4 Rfe8 15.Kh2 Nb8 
16.b4 Nfd7 17.Qd2 Nc6 18.bxc5 dxc5 19.Rab1 Nb4 20.Nxc5 Nxc5 21.Bxb4 a5 22.
Bc3 Red8 23.Nd4 Na4 24.Rxb7 Qxb7 25.e5 Qc7 26.Nb5 Qb6 27.Bxa8 Nxc3 28.Qxc3
Bb4 29.Qb3 Rxa8 30.d4 Rc8 31.Qd3 Qc6 32.c5 Qd5 33.Qf3 Qxf3 34.Rxf3 a4 35.
Kg2 Ra8 36.Na3 Kf8 37.Kf2 Rd8 38.Nc2 Bxc5 39.dxc5 Rd2+ 40.Ke3 Rxc2 41.Kd4 
Ra2 42.Kc4 Ra1 43.Kb4 Ke8 44.Ra3 Rb1+ 45.Kxa4 Kd7 46.Rb3 Ra1+ 47.Kb5 Kc7 
48.Rb4 Kb7 49.Rb2 Kc7 50.Rb4 Kb7 51.g4 g6 52.f5 Re1 53.fxg6 fxg6 54.Rf4 
Rb1+ 55.Kc4 Kc6 56.Rf6 Rc1+ 57.Kd4 Rd1+ 58.Ke4 Re1+ 59.Kf4 Kd5 60.c6 Re4+ 
61.Kg5 Rxe5+ 62.Kh6 Kxc6 63.Kxh7 g5 64.Kh6 Kd6 65.Rf1 Re3 66.Rh1 Re5 67.h4
gxh4 68.g5 Re2 69.g6 Rg2 70.Rxh4 e5 71.g7 Ke6 72.Rh1 e4 73.Kh7 Ke5 74.g8=Q
Rxg8 75.Kxg8 e3 76.Kf7 Ke4 77.Kf6 e2 78.Kg5 Ke3 79.Kg4 Kd2 80.Kf3 e1=Q 
1/2-1/2

[Event "24th Panam-ch"]
[Site "Natal BRA"]
[Date "2014.10.26"]
[Round "11"]
[White "Bachmann Schiavo, Axel"]
[Black "Cori Tello, Deysi"]
[Result "0-1"]
[WhiteElo "2645"]
[BlackElo "2411"]
[EventDate "2014.10.18"]
[PlyCount "80"]

1.c4 Nf6 2.Nc3 g6 3.e4 d6 4.d4 Bg7 5.Nf3 O-O 6.h3 c5 7.d5 e6 8.Bd3 exd5 9.
exd5 Re8+ 10.Be3 b5 11.Nxb5 Ne4 12.O-O Bxb2 13.Bxe4 Rxe4 14.Qc2 Rxe3 15.
fxe3 Bxa1 16.Rxa1 Qe7 17.e4 Nd7 18.Rf1 a6 19.Nc3 Rb8 20.a3 Ne5 21.Nxe5 
Qxe5 22.Qf2 f5 23.Qh4 Bd7 24.Rf3 Kg7 25.exf5 Bxf5 26.Qg5 Re8 27.Nd1 h6 28.
Qc1 Rb8 29.Nc3 Qd4+ 30.Kh1 Re8 31.Qb2 Re1+ 32.Kh2 Qe5+ 33.g3 Qd4 34.Rf2 h5
35.Rg2 Kh7 36.Qb7+ Qg7 37.Qxg7+ Kxg7 38.g4 hxg4 39.hxg4 Bd3 40.Rb2 Rc1 0-1

[Event "24th Panam-ch"]
[Site "Natal BRA"]
[Date "2014.10.26"]
[Round "11"]
[White "Quintiliano Pinto, Renato Rodrigues"]
[Black "Kaidanov, Gregory"]
[Result "1/2-1/2"]
[WhiteElo "2378"]
[BlackElo "2569"]
[EventDate "2014.10.18"]
[PlyCount "351"]

1.d4 Nf6 2.c4 e6 3.Nf3 d5 4.Nc3 c6 5.e3 Nbd7 6.Qc2 Bd6 7.b3 O-O 8.Be2 b6 
9.O-O Bb7 10.Bb2 Re8 11.Rad1 Qe7 12.Rfe1 Rac8 13.Bd3 e5 14.e4 dxc4 15.Bxc4
b5 16.Bf1 a6 17.h3 g6 18.Qd2 Rcd8 19.Qh6 exd4 20.Nxd4 Qf8 21.Qh4 Nh5 22.
Bc1 Bb4 23.Nde2 Ne5 24.Bh6 Qe7 25.Qxe7 Bxe7 26.Nf4 Ng7 27.Nd3 Nxd3 28.Rxd3
Rxd3 29.Bxd3 Bb4 30.Rc1 Rd8 31.Be2 Ne6 32.Be3 f6 33.Kf1 Nd4 34.Nb1 c5 35.
f3 f5 36.exf5 Nxf5 37.Bf2 Nd4 38.Rd1 Ba5 39.Rc1 Bb6 40.Na3 Kf7 41.Nc2 Ne6 
42.a4 Nf4 43.axb5 Nxe2 44.Kxe2 axb5 45.Ne1 Bd5 46.Bxc5 Bxc5 47.Rxc5 Bxb3 
48.Rc7+ Kf6 49.f4 Bc4+ 50.Kf2 Rd2+ 51.Kg3 Bd5 52.Nf3 Rd3 53.Rxh7 b4 54.Rh8
b3 55.Rb8 Rc3 56.Kh4 Rc2 57.Rb6+ Kg7 58.Nd4 Rxg2 59.Nxb3 Rb2 60.Kg5 Rg2+ 
61.Kh4 Rb2 62.Kg5 Bxb3 63.Rxg6+ Kf7 64.f5 Rg2+ 65.Kf4 Rf2+ 66.Ke5 Bc2 67.
Rf6+ Kg7 68.Rg6+ Kh7 69.Rg5 Kh6 70.h4 Re2+ 71.Kf4 Re4+ 72.Kg3 Ra4 73.Rg6+ 
Kh7 74.Rg5 Rb4 75.Rg4 Rb5 76.Rg5 Rb3+ 77.Kf4 Rb4+ 78.Kg3 Bd1 79.Rg6 Bh5 
80.Rg5 Kh6 81.Rg8 Bf7 82.Rg5 Ra4 83.Kh3 Bh5 84.Kg3 Ra3+ 85.Kg2 Bf7 86.Rg3 
Ra4 87.Kh3 Bh5 88.Rg5 Rb4 89.Kg3 Rb3+ 90.Kg2 Rc3 91.Rg3 Rc1 92.Rg5 Be8 93.
Kg3 Bd7 94.Kf4 Rh1 95.Kg3 Rg1+ 96.Kf4 Rf1+ 97.Ke5 Ra1 98.Kf4 Ra4+ 99.Kg3 
Rd4 100.Rg6+ Kh7 101.Rg5 Bc8 102.Kh3 Rd3+ 103.Kg4 Rd1 104.Kg3 Rf1 105.Kg2 
Ba6 106.Kg3 Bd3 107.Kg2 Kh6 108.Rg3 Bc4 109.Rg5 Bd3 110.Rg3 Rd1 111.Rg5 
Be4+ 112.Kf2 Rd3 113.Ke2 Rh3 114.f6 Bg6 115.Re5 Rxh4 116.Ke3 Rh1 117.Rc5 
Rf1 118.Rc6 Bf7 119.Ke2 Rf5 120.Ke3 Kg6 121.Rd6 Re5+ 122.Kd4 Re2 123.Kd3 
Re1 124.Kd2 Re8 125.Kd3 Kf5 126.Rd7 Kxf6 127.Kd2 Bg6 128.Rd5 Bf5 129.Rb5 
Kg5 130.Rb4 Be4 131.Ke3 Bc6+ 132.Kd4 Kf5 133.Rc4 Be4 134.Rc5+ Kf4 135.Rh5 
Rd8+ 136.Kc4 Bf5 137.Rh4+ Ke3 138.Kc3 Be6 139.Kb4 Rc8 140.Kb5 Bd5 141.Kb4 
Be4 142.Rh3+ Kd4 143.Rh4 Rb8+ 144.Ka4 Kd5 145.Ka3 Bd3 146.Rb4 Ra8+ 147.Kb2
Bc4 148.Rb7 Kd4 149.Rd7+ Bd5 150.Kc2 Ra2+ 151.Kd1 Ke4 152.Kc1 Rg2 153.Rd8 
Ke5 154.Rd7 Kd4 155.Kd1 Rh2 156.Rd8 Ke5 157.Rd7 Be4 158.Rd2 Rh1+ 159.Ke2 
Kf4 160.Kf2 Rh3 161.Re2 Bf3 162.Rd2 Ke4 163.Ke1 Ke3 164.Re2+ Kf4 165.Rf2 
Kg3 166.Rb2 Kf4 167.Kd2 Be4 168.Rb8 Rd3+ 169.Ke2 Rc3 170.Rf8+ Bf5 171.Kf2 
Rc2+ 172.Kf1 Ke4 173.Kg1 Rb2 174.Rf7 Ke5 175.Rf8 Kf4 176.Rf7 1/2-1/2

[Event "24th Panam-ch"]
[Site "Natal BRA"]
[Date "2014.10.26"]
[Round "11"]
[White "Perez Ponsa, Federico"]
[Black "Leiva, Giuseppe"]
[Result "1-0"]
[WhiteElo "2536"]
[BlackElo "2409"]
[EventDate "2014.10.18"]
[PlyCount "89"]

1.e4 c6 2.d4 d5 3.e5 Bf5 4.Nf3 e6 5.Be2 Nd7 6.O-O a6 7.Nbd2 Ne7 8.Nh4 Bg6 
9.Nxg6 hxg6 10.Nf3 Nf5 11.g3 c5 12.c3 Rc8 13.a3 cxd4 14.cxd4 Be7 15.Kg2 
Nb8 16.g4 Nh4+ 17.Nxh4 Rxh4 18.Be3 Qb6 19.Qd2 Nc6 20.b4 Na7 21.Rac1 Rxc1 
22.Rxc1 Rh8 23.Rb1 Kd7 24.a4 Rc8 25.b5 a5 26.Rb3 Ke8 27.Qd1 Bb4 28.h4 Qd8 
29.Kh3 b6 30.Qb1 Qc7 31.Bd3 Be7 32.h5 gxh5 33.gxh5 Kd7 34.Qg1 Rh8 35.Qxg7 
Rxh5+ 36.Kg4 Rh4+ 37.Kg3 Qc8 38.Qxf7 Qh8 39.Kf3 Rh1 40.Ke2 Qh3 41.Rb1 Qg4+
42.Qf3 Qxf3+ 43.Kxf3 Rxb1 44.Bxb1 Nc8 45.Kg4 1-0

[Event "24th Panam-ch"]
[Site "Natal BRA"]
[Date "2014.10.26"]
[Round "11"]
[White "Krysa, Leandro"]
[Black "Abdalla, Luiz Guilherme Aurelli"]
[Result "1-0"]
[WhiteElo "2446"]
[BlackElo "2302"]
[EventDate "2014.10.18"]
[PlyCount "37"]

1.c4 c5 2.Nf3 Nc6 3.d4 cxd4 4.Nxd4 Nf6 5.Nc3 g6 6.Nc2 Bg7 7.e4 d6 8.Be2 
O-O 9.O-O Nd7 10.Be3 Nc5 11.f3 Bxc3 12.bxc3 Qa5 13.Qd2 Na4 14.Bh6 Re8 15.
Nb4 Be6 16.Nd5 Ne5 17.Kh1 Qc5 18.Rfb1 Nxc4 19.Bxc4 1-0

[Event "24th Panam-ch"]
[Site "Natal BRA"]
[Date "2014.10.26"]
[Round "11"]
[White "Feliciano Ebert, Vanessa"]
[Black "Molina, Roberto Junio Brito"]
[Result "1-0"]
[WhiteElo "2252"]
[BlackElo "2425"]
[EventDate "2014.10.18"]
[PlyCount "71"]

1.e4 c6 2.d4 d5 3.exd5 cxd5 4.c4 Nf6 5.Nc3 e6 6.Nf3 Bb4 7.cxd5 Nxd5 8.Bd2 
O-O 9.Bd3 Nc6 10.O-O Be7 11.Qe2 Nf6 12.Be3 b6 13.a3 Bb7 14.Rad1 Rc8 15.
Rfe1 Qc7 16.Bg5 Rfd8 17.Bb1 Na5 18.Ne5 Qd6 19.Qd3 h6 20.Bxf6 Bxf6 21.Qh7+ 
Kf8 22.f3 a6 23.Ba2 Re8 24.Kh1 Qc7 25.Bd5 Rcd8 26.Bxb7 Nxb7 27.Rc1 Nc5 28.
Ne4 Bxe5 29.dxe5 Qxe5 30.Nxc5 Qxb2 31.Ne4 Rd7 32.Rb1 Qd4 33.Ng3 Rd5 34.
Rbc1 Red8 35.Rc7 R5d7 36.Nf5 1-0

[Event "24th Panam-ch"]
[Site "Natal BRA"]
[Date "2014.10.26"]
[Round "11"]
[White "Andrade, Roberto Luiz Costa"]
[Black "Roselli Mailhe, Bernardo"]
[Result "0-1"]
[WhiteElo "2200"]
[BlackElo "2404"]
[EventDate "2014.10.18"]
[PlyCount "124"]

1.e4 c5 2.Nf3 e6 3.d4 cxd4 4.Nxd4 Nf6 5.Nc3 Nc6 6.Ndb5 Bb4 7.a3 Bxc3+ 8.
Nxc3 d5 9.exd5 exd5 10.Bd3 O-O 11.O-O d4 12.Ne4 h6 13.Re1 Ng4 14.h3 Nge5 
15.Qh5 f5 16.Nd2 Qf6 17.Bf1 Be6 18.f4 Nf7 19.Nf3 Bd5 20.Bd2 Nd6 21.Ne5 Ne4
22.Bb4 Rfe8 23.Nxc6 bxc6 24.a4 Rab8 25.Ba3 Red8 26.Bd3 c5 27.b3 Rbc8 28.
Kh2 Qf7 29.Qxf7+ Kxf7 30.Re2 h5 31.g3 Re8 32.Rae1 Re6 33.Rg1 Rb6 34.Bb2 
Rd6 35.Rge1 Rc7 36.Ba3 Rg6 37.Rg1 Rc8 38.Bb2 Rc7 39.Ba3 Rf6 40.Bb2 Rd6 41.
Ba3 Re6 42.Bb2 Ke7 43.Ba1 Kd6 44.b4 Rb7 45.bxc5+ Kxc5 46.Rd1 Rb4 47.a5 g6 
48.Ree1 Nf2 49.Rc1 Rxe1 50.Rxe1 Be4 51.Bxe4 Nxe4 52.g4 hxg4 53.hxg4 Rc4 
54.Re2 Ra4 55.Bb2 Ra2 56.Bc1 d3 57.Be3+ Kc6 58.Rg2 Rxc2 59.gxf5 gxf5 60.
Rxc2+ dxc2 61.Kh3 Nc3 62.Kh4 Kd5 0-1

[Event "24th Panam-ch"]
[Site "Natal BRA"]
[Date "2014.10.26"]
[Round "11"]
[White "Ruiz Castillo, Joshua Daniel"]
[Black "Caetano, Hugo Zanotti Mendonca"]
[Result "1/2-1/2"]
[WhiteElo "2396"]
[BlackElo "2209"]
[EventDate "2014.10.18"]
[PlyCount "97"]

1.e4 c5 2.Nf3 Nc6 3.d4 cxd4 4.Nxd4 g6 5.Nc3 Bg7 6.Be3 Nf6 7.Bc4 O-O 8.Bb3 
d6 9.h3 Bd7 10.O-O Nxd4 11.Bxd4 Bc6 12.Qd3 e6 13.Rad1 Qe7 14.Rfe1 Rfd8 15.
f3 Qc7 16.Qd2 d5 17.e5 Nd7 18.f4 Bf8 19.Qe3 b6 20.g4 Nc5 21.Ne2 Nxb3 22.
axb3 Bb5 23.c3 Bxe2 24.Qxe2 Bc5 25.Kh1 Re8 26.f5 Qe7 27.f6 Qf8 28.Qe3 a5 
29.Ra1 Rec8 30.Kg2 Bxd4 31.Qxd4 b5 32.Kg3 a4 33.Ra3 axb3 34.Rea1 Rxa3 35.
Rxa3 Rc4 36.Qa7 h5 37.Rxb3 h4+ 38.Kg2 b4 39.Qe7 Qb8 40.g5 d4 41.Rxb4 Rxb4 
42.cxb4 Qc8 43.Qc5 Qb7+ 44.Kf2 Qe4 45.Qc8+ Kh7 46.Qc7 Qe3+ 47.Kf1 Qd3+ 48.
Ke1 Qb1+ 49.Kd2 1/2-1/2

[Event "24th Panam-ch"]
[Site "Natal BRA"]
[Date "2014.10.26"]
[Round "11"]
[White "Caceres Vasquez, Sergio"]
[Black "Valdes Escobar, Alvaro"]
[Result "0-1"]
[WhiteElo "2138"]
[BlackElo "2378"]
[EventDate "2014.10.18"]
[PlyCount "114"]

1.d4 Nf6 2.c4 e6 3.Nc3 Bb4 4.e3 c5 5.Ne2 cxd4 6.exd4 O-O 7.a3 Be7 8.d5 
exd5 9.cxd5 Re8 10.g3 Bc5 11.Na4 Bb6 12.Nxb6 Qxb6 13.Bg2 d6 14.h3 Qb5 15.
b3 Bf5 16.Be3 Bd3 17.a4 Qa6 18.Ra2 Nbd7 19.Rd2 Nc5 20.b4 Nxa4 21.O-O Bxe2 
22.Qxe2 Qxe2 23.Rxe2 Nb6 24.Ra2 Nbxd5 25.Rxa7 Nxe3 26.Rxa8 Nxf1 27.Rxe8+ 
Nxe8 28.Kxf1 b6 29.Ke2 Nc7 30.Kd3 Kf8 31.Kc4 Ke7 32.f4 Ke6 33.Bf3 d5+ 34.
Kd4 Nb5+ 35.Kd3 Kd6 36.Be2 Nc7 37.Ke3 h6 38.Bd3 Ne6 39.Be2 g6 40.Bd3 Ng7 
41.Bb5 Nf5+ 42.Kf2 Ke6 43.h4 Nd6 44.Ba4 b5 45.Bc2 f5 46.Bd3 d4 47.Kf3 Kd5 
48.g4 Ke6 49.h5 gxh5 50.gxh5 Nc4 51.Kg3 Nb2 52.Bxb5 d3 53.Kf3 d2 54.Be2 
d1=Q 55.Bxd1 Nxd1 56.Ke2 Nb2 57.Kd2 Kd5 0-1

[Event "24th Panam-ch"]
[Site "Natal BRA"]
[Date "2014.10.26"]
[Round "11"]
[White "Umetsubo, Cesar Hidemitsu"]
[Black "Mesias Rojas, Rabindranath"]
[Result "1/2-1/2"]
[WhiteElo "2355"]
[BlackElo "2209"]
[EventDate "2014.10.18"]
[PlyCount "129"]

1.d4 c5 2.d5 g6 3.e4 Bg7 4.Nf3 d6 5.h3 Nf6 6.Nc3 O-O 7.a4 e5 8.Bg5 h6 9.
Be3 Nbd7 10.Qd2 Kh7 11.Bd3 Nh5 12.g4 Nf4 13.Ne2 Ng2+ 14.Kf1 Nxe3+ 15.fxe3 
c4 16.Bxc4 Nc5 17.Ng3 f5 18.exf5 gxf5 19.gxf5 e4 20.Nd4 Qh4 21.Rg1 Be5 22.
b4 Bxg3 23.Qg2 Rg8 24.bxc5 Bxf5 25.Nxf5 Raf8 26.Ke2 Rxf5 27.c6 bxc6 28.
dxc6 d5 29.c7 Qh5+ 30.Kd2 dxc4 31.Qxe4 Qg6 32.Qxc4 Qd6+ 33.Kc1 Qxc7 34.Qd3
Rf8 35.Rb1 Kh8 36.Rb4 Qe5 37.Kb1 Rb8 38.Rxb8+ Qxb8+ 39.Kc1 Qe5 40.Qd8+ Kg7
41.Qd7+ Kg6 42.Kb1 a5 43.e4 Rf7 44.Qb5 Kh7 45.Ka2 Rc7 46.Qb3 Rg7 47.Qd5 
Bf4 48.Rb1 Rc7 49.Qxe5 Bxe5 50.Rb5 Bc3 51.Kb3 Kg6 52.h4 Bf6 53.h5+ Kf7 54.
e5 Bg7 55.Rxa5 Ke6 56.c4 Bxe5 57.Ra6+ Bd6 58.a5 Rc5 59.Ra8 Rxh5 60.a6 Ra5 
61.a7 Be7 62.c5 Kd7 63.c6+ Kxc6 64.Rc8+ Kb7 65.a8=Q+ 1/2-1/2

[Event "24th Panam-ch"]
[Site "Natal BRA"]
[Date "2014.10.26"]
[Round "11"]
[White "Moccero, Eduardo"]
[Black "Macedo, Maximo Iack"]
[Result "0-1"]
[WhiteElo "1997"]
[BlackElo "2336"]
[EventDate "2014.10.18"]
[PlyCount "68"]

1.d4 d5 2.Nf3 Nf6 3.e3 c5 4.c3 e6 5.Bd3 Bd6 6.Nbd2 Nc6 7.O-O O-O 8.Qe2 Qc7
9.dxc5 Bxc5 10.e4 h6 11.Re1 Ng4 12.Rf1 Nf6 13.Re1 Bd7 14.Nb3 Bb6 15.e5 Ng4
16.Nbd4 f6 17.h3 Nxf2 18.Qxf2 fxe5 19.Qg3 exd4 20.Qg6 Rf6 21.Qh7+ Kf7 22.
Ng5+ hxg5 23.Bxg5 dxc3+ 24.Kh1 Bd4 25.bxc3 Bxc3 26.Bxf6 Bxf6 27.Rf1 Qe5 
28.Rae1 Qd4 29.Rxf6+ Kxf6 30.Qg6+ Ke7 31.Bf5 Qf6 32.Qh5 Kd6 33.Bc2 Rf8 34.
Bb3 Kc7 0-1

[Event "24th Panam-ch"]
[Site "Natal BRA"]
[Date "2014.10.26"]
[Round "11"]
[White "Cabezas Rojas, Bastian"]
[Black "Acosta, Pablo Ismael"]
[Result "0-1"]
[WhiteElo "1942"]
[BlackElo "2300"]
[EventDate "2014.10.18"]
[PlyCount "114"]

1.d4 d5 2.Nf3 e6 3.g3 Nf6 4.c4 Bb4+ 5.Bd2 Be7 6.Bg2 O-O 7.Qb3 c5 8.cxd5 
exd5 9.dxc5 Nc6 10.O-O h6 11.e3 Ne4 12.Bc3 Nxc5 13.Qc2 Bg4 14.Ne5 Bh5 15.
g4 Nxe5 16.gxh5 Qd6 17.Qf5 Bf6 18.Na3 Qe6 19.Qxe6 fxe6 20.Nb5 a6 21.Nd4 
Rfe8 22.h3 Rac8 23.Rad1 Na4 24.Ne2 Nxc3 25.Nxc3 Nc4 26.Nxd5 exd5 27.Bxd5+ 
Kf8 28.Bxb7 Rb8 29.Bxa6 Nxb2 30.Rd7 Re7 31.Rxe7 Kxe7 32.Rc1 Ra8 33.Be2 
Rxa2 34.Kg2 Na4 35.Bc4 Rd2 36.Kg3 Nc3 37.f3 Nd1 38.e4 Bb2 39.Rb1 Kd6 40.
Bb3 Nc3 41.Re1 Ne2+ 42.Kg4 Nc1 43.Bc4 Rg2+ 44.Kf4 Bc3 45.e5+ Ke7 46.Rd1 
Ne2+ 47.Bxe2 Rxe2 48.Rd5 Rg2 49.Rc5 Bd2+ 50.Ke4 Rg5 51.f4 Rxh5 52.Rc7+ Kf8
53.Rd7 Bb4 54.Rb7 Be7 55.Rb3 g6 56.Rf3 Rf5 57.Rg3 Kf7 0-1

[Event "24th Panam-ch"]
[Site "Natal BRA"]
[Date "2014.10.26"]
[Round "11"]
[White "Llorens Sepulveda, Marcelo"]
[Black "Hernandez Riera, Jose"]
[Result "1/2-1/2"]
[WhiteElo "2275"]
[BlackElo "2203"]
[EventDate "2014.10.18"]
[PlyCount "20"]

1.e4 d5 2.exd5 Qxd5 3.Nf3 Nf6 4.d4 c6 5.c4 Qd6 6.Be2 g6 7.O-O Bg7 8.Nc3 
O-O 9.h3 Bf5 10.Qb3 Qc7 1/2-1/2

[Event "24th Panam-ch"]
[Site "Natal BRA"]
[Date "2014.10.26"]
[Round "11"]
[White "Brito, Luismar"]
[Black "Magas Varas, Rodrigo"]
[Result "1-0"]
[WhiteElo "2261"]
[BlackElo "2041"]
[EventDate "2014.10.18"]
[PlyCount "113"]

1.Nc3 d5 2.e4 d4 3.Nce2 e5 4.Nf3 Nc6 5.c3 d3 6.Ng3 Nf6 7.Qa4 Qd6 8.Qb5 h5 
9.h4 Ng4 10.Qxd3 Qc5 11.Qe2 Qb6 12.Nh2 Nxh2 13.Rxh2 Bg4 14.Qb5 O-O-O 15.
Qxb6 axb6 16.Bc4 Be6 17.Bxe6+ fxe6 18.Ke2 Ne7 19.Nf1 Ng6 20.g3 Bc5 21.d3 
Rd7 22.Be3 Rhd8 23.Rd1 Bxe3 24.Nxe3 c5 25.Rhh1 Kc7 26.a3 Ra8 27.Ng2 Rf7 
28.Rhf1 Raf8 29.f3 Ne7 30.d4 exd4 31.cxd4 cxd4 32.Rxd4 Nc6 33.Rc4 Kb8 34.
f4 e5 35.Rd1 Rf6 36.Rd5 Rg6 37.Kf2 Re6 38.f5 g6 39.Ne3 gxf5 40.exf5 Ne7 
41.Ke2 Nxd5 42.fxe6 Nxe3 43.Kxe3 Re8 44.Ke4 Rxe6 45.Kf5 Re8 46.g4 hxg4 47.
Rxg4 Kc7 48.h5 Kd6 49.h6 Rf8+ 50.Ke4 Rh8 51.Rg6+ Kc5 52.Kxe5 b5 53.Kf6 Rh7
54.Kg5 Rd7 55.Rf6 Kc4 56.Kg6 Kb3 57.h7 1-0

[Event "24th Panam-ch"]
[Site "Natal BRA"]
[Date "2014.10.26"]
[Round "11"]
[White "Terao, Juliana Sayumi"]
[Black "Markzon, Gregory"]
[Result "1-0"]
[WhiteElo "2229"]
[BlackElo "2160"]
[EventDate "2014.10.18"]
[PlyCount "137"]

1.e4 e5 2.Nf3 Nc6 3.Bb5 a6 4.Ba4 Nf6 5.d3 b5 6.Bb3 Be7 7.O-O O-O 8.c3 d6 
9.Re1 h6 10.Nbd2 Re8 11.Nf1 Bf8 12.Ne3 Bd7 13.h3 Na5 14.Bc2 c5 15.Nh2 Nc6 
16.Rf1 Ne7 17.f4 exf4 18.Rxf4 Ng6 19.Rf1 c4 20.Nd5 cxd3 21.Nxf6+ gxf6 22.
Qxd3 Be6 23.Qg3 Bg7 24.Ng4 Bxg4 25.Qxg4 b4 26.Bb3 Ne5 27.Qh5 Kh7 28.Be3 
bxc3 29.bxc3 Rc8 30.Bd4 Qe7 31.Rf4 Ng6 32.Rg4 Rc5 33.Bxc5 dxc5 34.Rd1 Ne5 
35.Qf5+ Kh8 36.Rg3 c4 37.Ba4 Rb8 38.Rf1 Rb2 39.Bd1 Qc5+ 40.Kh2 Rxa2 41.Bh5
Qc7 42.Bg4 a5 43.Rd1 a4 44.Qc8+ Qxc8 45.Bxc8 h5 46.Bf5 Nd3 47.Rb1 Nb2 48.
Rf3 Bf8 49.Rf2 Bd6+ 50.Kh1 a3 51.Bc8 Be5 52.Rc2 Na4 53.Rxa2 Nxc3 54.Rba1 
Nxa2 55.Rxa2 Bb2 56.Ba6 c3 57.Bd3 Kg7 58.Kg1 Kf8 59.Kf2 Ke7 60.g3 Kd6 61.
Bc2 Kc5 62.h4 Kd4 63.Kf3 f5 64.exf5 Ke5 65.Ke3 Kd5 66.Kd3 Ke5 67.Kc4 f6 
68.Rxb2 cxb2 69.Kb3 1-0